UBT Library

Advanced Responsive Forms and Menus in Web Development Extending HTML 5, CSS 3, JavaScript (Record no. 45475)

000 -LEADER
fixed length control field 00337nam a22001217a 4500
008 - FIXED-LENGTH DATA ELEMENTS--GENERAL INFORMATION
fixed length control field 180424b xxu||||| |||| 00| 0 eng d
041 ## - LANGUAGE CODE
Language code of text/sound track or separate title eng
080 ## - UNIVERSAL DECIMAL CLASSIFICATION NUMBER
Universal Decimal Classification number 043.3
100 ## - Rafti
Rafti 0
101 ## - Shkurtesa
Shkurtesa SHKI-BA
245 ## - TITLE STATEMENT
Title Advanced Responsive Forms and Menus in Web Development Extending HTML 5, CSS 3, JavaScript
Statement of responsibility, etc Sylejmani ,A
942 ## - ADDED ENTRY ELEMENTS (KOHA)
Source of classification or shelving scheme
Item type Books
Holdings
Withdrawn status Lost status Source of classification or shelving scheme Damaged status Not for loan Collection code Permanent location Current location Shelving location Date acquired Total Checkouts Full call number Barcode Date last seen Price effective from Koha item type
          Koleksioni i përgjithshem UBT - Lipjan UBT - Lipjan Disertacionet 04/24/2018   043.3 Sylejmani ,A 2016 002-3003126 04/24/2018 04/24/2018 Books
          Koleksioni i përgjithshem UBT - Lipjan UBT - Lipjan Disertacionet 04/24/2018   043.3 Sylejmani ,A 2016 002-3003135 04/24/2018 04/24/2018 Books
          Koleksioni i përgjithshem UBT - Lipjan UBT - Lipjan Disertacionet 04/24/2018   043.3 Sylejmani ,A 2016 002-3002959 04/24/2018 04/24/2018 Books
          Koleksioni i përgjithshem UBT - Lipjan UBT - Lipjan Disertacionet 04/24/2018   043.3 Sylejmani ,A 2016 002-3002954 04/24/2018 04/24/2018 Books
UBT Library © 2015-2024. All rights reserved University Education for Business and Technology